LEADER 01273nam2-2200409---450- 001 990002221780203316 005 20041126163740.0 035 $a000222178 035 $aUSA01000222178 035 $a(ALEPH)000222178USA01 035 $a000222178 100 $a20041126h19731982km-y0itay0103----ba 101 0 $aita 102 $aIT 105 $a||||||||001yy 200 1 $a<1.> : Dalla riforma agli inizi dell'Ottocento$fa cura di Ruth Rouse e Stephen Charles Neill 210 $aBologna$cIl Mulino$dcopyr. 1973 215 $aXXXV, 496 p.$d21 cm 225 2 $aCollana di studi religiosi 410 0$12001$aCollana di studi religiosi 454 1$12001 461 1$1001000222175$12001 500 11$a<> history of the ecumenical movement, 1517-1948$957859 606 0 $aEcumenismo$xStoria$z1517-1948 676 $a260 702 1$aROUSE,$bRuth 702 1$aNEILL,$bStephen Charles 801 0$aIT$bsalbc$gISBD 912 $a990002221780203316 951 $aColl. G 1/I$b21035 E.C.$cColl. G 959 $aBK 969 $aGIU 979 $aSIAV3$b10$c20041126$lUSA01$h1628 979 $aSIAV3$b10$c20041126$lUSA01$h1630 979 $aSIAV3$b10$c20041126$lUSA01$h1637 996 $aHistory of the ecumenical movement, 1517-1948$957859 997 $aUNISA LEADER 01061nam--2200349---450- 001 990005857400203316 005 20130627131848.0 035 $a000585740 035 $aUSA01000585740 035 $a(ALEPH)000585740USA01 035 $a000585740 100 $a20130612d1913----km-y0itay50------ba 101 0 $aita 102 $aIT 105 $a||||||||001yy 200 1 $aGli scritti di Marcello Taddei (1884-1908)$fcon prefazione di G. A. Borgese 210 $aNapoli$cRicciardi$d1913 215 $aXI, 259 p.$d20 cm 676 $a854.8 700 1$aTADDEI,$bMarcello$0617248 702 1$aBORGESE,$bGiuseppe Antonio 801 0$aIT$bsalbc$gISBD 912 $a990005857400203316 951 $aXV.2.A. 1402$b2900 F.C.$cXV.2.A$d00341276 959 $aBK 969 $aCUOMO 979 $aPALERMO$b90$c20130612$lUSA01$h1221 979 $aPALERMO$b90$c20130612$lUSA01$h1223 979 $aPALERMO$b90$c20130618$lUSA01$h1010 979 $aPALERMO$b90$c20130627$lUSA01$h1318 996 $aGli scritti di Marcello Taddei (1884-1908$91086263 997 $aUNISA